00625nam a2200193Ia 4500008004100000020001800041082001500059100001700074245002500091250000800116260002500124300001100149500002400160650001500184942000700199952010400206952010400310999001700414230524s9999 xx 000 0 und d a9788120329782 a174.4bPRA aKesho Prasad 0aCorporate Governance aIST aNEW DELHIbPHIc2009 aVI;294 aQuantity Number: 2 aManagement cBK 00104070aTATCLbTATCLcGENd2023-05-24l0o174.4 PRAp35024r2023-05-24w2023-05-24yBKzMBA305A 00104070aTATCLbTATCLcGENd2023-05-24l0o174.4 PRAp35025r2023-05-24w2023-05-24yBKzMBA305A c45554d45554